| 000 | 00645nam a2200205Ia 4500 | ||
|---|---|---|---|
| 003 | OSt | ||
| 005 | 20250131111924.0 | ||
| 008 | 210210b1990 xxu||||| |||| 00| 0 eng d | ||
| 040 |
_aAL _c |
||
| 041 | _aKannada | ||
| 082 | _aK894.3 MADA | ||
| 100 |
_aMadamp Kunjukuttan _926582 _dಮಾಡಾಂಬ್ ಕುಂಜುಕುಟ್ಟನ್ |
||
| 245 |
_aAshvatthama _b ಅಶ್ವತ್ಥಾಮ |
||
| 260 |
_aMangaluru _bAbhivyakta Prakashana _c1990 |
||
| 300 | _aiv,104 | ||
| 690 |
_aKannada Fiction _926584 |
||
| 700 |
_a Na Damodara Shetti _dನಾ ದಾಮೋದರ ಶೆಟ್ಟಿ tr _9169332 |
||
| 906 | _a043200 | ||
| 942 |
_2ddc _cBK |
||
| 999 |
_c92677 _d92677 |
||